| 000 | 00598nam a22002057a 4500 | ||
|---|---|---|---|
| 005 | 20251205110035.0 | ||
| 010 | _aENG-147239 | ||
| 020 |
_c150.00 _a9789384162658 |
||
| 035 | _aEN-130771 | ||
| 037 | _bDBAD | ||
| 082 | _a335.4 | ||
| 245 |
_aTumulutuous Three Decades: _bWritings of an Eminent Marxist/ |
||
| 250 | _a1 | ||
| 260 |
_aHyderabad _bPrajasakti Book House _c2013 |
||
| 270 |
_aM.H. Bhavan, Plot No.21/1, Azamabad _bHyderabad _e500020 |
||
| 300 |
_a343p. _c22cm(pb) |
||
| 490 | _v1 | ||
| 500 | _aM Basavapunnaiah Selected Writings | ||
| 942 |
_2ddc _cEN _mTUM _h335.4 |
||
| 999 |
_c213854 _d213854 |
||